|
|
|
|
| LEADER |
00904nam a2200229 a 4500 |
| 001 |
015365405 |
| 008 |
120129s2012 enka b 000 0 eng d |
| 020 |
|
|
|a 9780194389235
|
| 040 |
|
|
|a IiNdDKA
|b eng
|c IiNdDKA
|d Uk
|d BD-DhAAL
|
| 082 |
0 |
4 |
|a 401.43
|2 22
|
| 100 |
1 |
|
|a Cowie, Anthony Paul
|
| 245 |
1 |
0 |
|a Sematics /
|c A.P. Cowie
|
| 260 |
|
|
|a Oxford :
|b Oxford University Press,
|c c2009 [Printed 2012]
|
| 300 |
|
|
|a xiii, 130 p. :
|b ill. ;
|c 20 cm.
|
| 490 |
0 |
|
|a Oxford introductions to language study.
|
| 504 |
|
|
|a Includes bibliographical references [115-120 p.]
|
| 541 |
|
|
|e 00024369
|
| 650 |
|
0 |
|a Semantics.
|
| 650 |
|
0 |
|a English language
|x Semantics.
|
| 852 |
1 |
|
|a Ayesha Abed Library
|c General shelf.
|
| 999 |
|
|
|c 11877
|d 11877
|
| 952 |
|
|
|0 0
|1 0
|4 0
|6 401_430000000000000_COW
|7 0
|9 19420
|a BRACUL
|b BRACUL
|c GEN
|d 2012-02-15
|e Karim International
|g 1425.00
|l 0
|o 401.43 COW
|p 3010024369
|r 2012-02-15
|t 1
|w 2012-02-15
|y BK
|x Available
|